[Event "VIE-chT"]
[Site "Hanoi"]
[Date "2023.04.18"]
[Round "1"]
[White "Nguyen, Thi Phuong Thao"]
[Black "Hoang, Anh Kiet"]
[Result "1-0"]
[WhiteElo "2022"]
[BlackElo "1956"]
[PlyCount "59"]
[EventDate "2023.04.18"]
[EventType "swiss"]
[EventRounds "9"]
[EventCountry "VIE"]
[SourceTitle "EXT 2024"]
[Source "ChessBase"]
[SourceDate "2023.10.10"]
[SourceVersion "1"]
[SourceVersionDate "2023.10.10"]
[SourceQuality "1"]

1. d4 d5 2. c4 e6 3. Nf3 Nf6 4. e3 Be7 5. Nc3 0-0 6. Bd3 c5 7. 0-0 Nc6 8. cxd5 exd5 9. dxc5 Bxc5 10. h3 Be6 11. a3 Rc8 12. b4 Bd6 13. Nb5 Bb8 14. Bb2 a6 15. Nbd4 Qd6 16. Nxc6 Qxc6 17. Bxf6 gxf6 18. Nd4 Qd6 19. f4 Ba7 20. Qh5 Rfe8 21. Qh6 Bxd4 22. exd4 Qb6 23. Bxh7+ Kh8 24. Bd3+ Kg8 25. Rf3 Qxd4+ 26. Kh2 Bg4 27. Bh7+ Kh8 28. Bg6+ Kg8 29. Qh7+ Kf8 30. Qxf7# 1-0

[Event "VIE-ch op (Women)"]
[Site "Hanoi"]
[Date "2020.11.29"]
[Round "9"]
[White "Nguyen, Thi Phuong Thao"]
[Black "Nguyen, Hong Anh"]
[Result "1/2-1/2"]
[WhiteElo "2308"]
[BlackElo "2300"]
[PlyCount "60"]
[EventDate "2020.11.23"]
[EventType "swiss"]
[EventRounds "9"]
[EventCountry "VIE"]
[SourceTitle "CBM 199 Extra"]
[Source "ChessBase"]
[SourceDate "2021.01.31"]
[SourceVersion "1"]
[SourceVersionDate "2021.01.31"]
[SourceQuality "1"]

1. d4 Nf6 2. c4 g6 3. Nc3 d5 4. cxd5 Nxd5 5. Bd2 Bg7 6. e4 Nb6 7. Be3 Nc6 8. d5 Ne5 9. Bd4 0-0 10. f4 Ng4 11. Bxg7 Kxg7 12. Nf3 e6 13. h3 Nf6 14. dxe6 Qxd1+ 15. Rxd1 Bxe6 16. Kf2 Rad8 17. Be2 Rfe8 18. Rxd8 Rxd8 19. Rd1 Rxd1 20. Bxd1 c6 21. Bc2 Nh5 22. f5 gxf5 23. exf5 Bd5 24. Nxd5 Nxd5 25. a3 Kf6 26. g3 h6 27. h4 Ke7 28. Nd4 Nhf6 29. Kf3 Kd6 30. Ne2 h5 1/2-1/2

[Event "VIE-ch op (Women)"]
[Site "Hanoi"]
[Date "2020.11.26"]
[Round "6"]
[White "Nguyen, Thi Phuong Thao"]
[Black "Kieu, Bich Thuy"]
[Result "1-0"]
[WhiteElo "2308"]
[BlackElo "2299"]
[PlyCount "189"]
[EventDate "2020.11.23"]
[EventType "swiss"]
[EventRounds "9"]
[EventCountry "VIE"]
[SourceTitle "CBM 199 Extra"]
[Source "ChessBase"]
[SourceDate "2021.01.31"]
[SourceVersion "1"]
[SourceVersionDate "2021.01.31"]
[SourceQuality "1"]

1. d4 g6 2. c4 Bg7 3. Nc3 Nf6 4. e4 d6 5. f3 0-0 6. Be3 Nbd7 7. Nge2 c5 8. Qd2 Qa5 9. d5 a6 10. a4 Ne5 11. Nc1 Qb4 12. Qe2 Bd7 13. Ra3 Qa5 14. h3 Nh5 15. Qf2 f5 16. exf5 Bxf5 17. g4 Bxg4 18. hxg4 Rxf3 19. gxh5 Rxf2 20. Bxf2 Rf8 21. Be2 Nf3+ 22. Bxf3 Rxf3 23. Ke2 Rf4 24. Rb3 Qc7 25. Rh4 Rxh4 26. Bxh4 Qd7 27. Be1 Qg4+ 28. Kd3 Qf5+ 29. Kd2 Bh6+ 30. Kd1 Qxh5+ 31. Kc2 Qf5+ 32. Nd3 Qd7 33. a5 Be3 34. Bd2 Bxd2 35. Kxd2 h5 36. Nf4 Qg4 37. Nce2 h4 38. Rc3 g5 39. Nh3 Qf5 40. Ke1 g4 41. Nhf4 Kf7 42. Kf2 Qe4 43. b3 g3+ 44. Kf1 Qh1+ 45. Ng1 Qe4 46. Rf3 Kg8 47. Kg2 Qf5 48. Nfe2 Qg4 49. Re3 Kf7 50. Nh3 Ke8 51. Nef4 Qf5 52. Nd3 Kd7 53. Ndf4 Qc2+ 54. Kf3 Qd1+ 55. Ne2 Qf1+ 56. Kg4 Qf6 57. Nhf4 Qh6 58. Kh3 Qg5 59. Ng2 Kc7 60. Nef4 Kb8 61. Re6 Ka7 62. Ng6 Qf5+ 63. Kxh4 Qf3 64. Kh3 Qxb3 65. Nxe7 Qf3 66. Nc8+ Kb8 67. Nxd6 Kc7 68. Ne8+ Kc8 69. Re3 Qf2 70. Nd6+ Kc7 71. Ne4 Qc2 72. Kxg3 Qxc4 73. Nf4 Qc1 74. Rc3 Qe1+ 75. Kf3 Qf1+ 76. Kg4 c4 77. Kf5 b5 78. Rh3 b4 79. Rh7+ Kb8 80. Rh8+ Kc7 81. d6+ Kc6 82. Rc8+ Kd7 83. Rc7+ Kd8 84. Ke5 Qa1+ 85. Kd5 Qxa5+ 86. Kxc4 Qa4 87. Ne6+ Ke8 88. Rc8+ Kf7 89. Rc7+ Kg6 90. d7 Qd1 91. Kc5 Qc2+ 92. Kd5 Qb3+ 93. Rc4 Qd3+ 94. Rd4 Qb5+ 95. N4c5 1-0

[Event "VIE-chB (Women)"]
[Site "Ba Dinh"]
[Date "2018.12.04"]
[Round "9"]
[White "Mai, Thien Kim Ngoc Diep"]
[Black "Nguyen, Thi Phuong Thao"]
[Result "1/2-1/2"]
[WhiteElo "1858"]
[BlackElo "2103"]
[PlyCount "42"]
[EventDate "2018.11.28"]
[EventType "swiss"]
[EventRounds "9"]
[EventCountry "VIE"]
[SourceTitle "EXT 2021"]
[Source "ChessBase"]
[SourceDate "2020.10.23"]
[SourceVersion "1"]
[SourceVersionDate "2020.10.23"]
[SourceQuality "1"]

1. e4 c5 2. Nf3 d6 3. Bb5+ Bd7 4. Bxd7+ Qxd7 5. c4 Nc6 6. d4 cxd4 7. Nxd4 g6 8. 0-0 Bg7 9. Be3 Nf6 10. f3 0-0 11. Nc3 Rac8 12. b3 Rfd8 13. Rc1 b6 14. Qd2 Qb7 15. Rfd1 Ne8 16. Nxc6 Qxc6 17. Bh6 Bxh6 18. Qxh6 Qc5+ 19. Kh1 Nf6 20. Nd5 Nxd5 21. Rxd5 Qf2 1/2-1/2

[Event "VIE-chB (Women)"]
[Site "Ba Dinh"]
[Date "2018.11.30"]
[Round "5"]
[White "Hoang, Thi Bao Tram"]
[Black "Nguyen, Thi Phuong Thao"]
[Result "1-0"]
[WhiteElo "2323"]
[BlackElo "2103"]
[PlyCount "43"]
[EventDate "2018.11.28"]
[EventType "swiss"]
[EventRounds "9"]
[EventCountry "VIE"]
[SourceTitle "EXT 2021"]
[Source "ChessBase"]
[SourceDate "2020.10.23"]
[SourceVersion "1"]
[SourceVersionDate "2020.10.23"]
[SourceQuality "1"]

1. d4 d5 2. Nf3 Nf6 3. Bf4 c5 4. e3 cxd4 5. exd4 Bf5 6. c3 Nc6 7. Ne5 Qc8 8. Nd2 e6 9. Be2 Be7 10. g4 g5 11. Nxc6 Qxc6 12. Be5 Bg6 13. h4 Rg8 14. Bxf6 Bxf6 15. h5 Be4 16. f3 e5 17. fxe4 dxe4 18. d5 Qxd5 19. Qa4+ Kf8 20. Qxe4 Qd7 21. Nc4 h6 22. 0-0 1-0

[Event "VIE-chB (Women)"]
[Site "Ba Dinh"]
[Date "2018.11.30"]
[Round "4"]
[White "Nguyen, Thi Phuong Thao"]
[Black "Bach, Ngoc Thuy Duong"]
[Result "1-0"]
[WhiteElo "2103"]
[BlackElo "2161"]
[PlyCount "101"]
[EventDate "2018.11.28"]
[EventType "swiss"]
[EventRounds "9"]
[EventCountry "VIE"]
[SourceTitle "EXT 2021"]
[Source "ChessBase"]
[SourceDate "2020.10.23"]
[SourceVersion "1"]
[SourceVersionDate "2020.10.23"]
[SourceQuality "1"]

1. d4 d5 2. c4 e6 3. Nf3 c6 4. e3 Nf6 5. b3 Nbd7 6. Bb2 b6 7. Bd3 Bb7 8. 0-0 Be7 9. Nc3 0-0 10. Qe2 c5 11. cxd5 exd5 12. Rfd1 Re8 13. Bf5 Bf8 14. Rac1 a6 15. dxc5 bxc5 16. Qd3 Nb6 17. Ne2 h6 18. Ne5 a5 19. Qc2 a4 20. Nf4 axb3 21. axb3 Bd6 22. Nxf7 Kxf7 23. Be6+ Rxe6 24. Qg6+ Kg8 25. Nxe6 Qe7 26. Nxc5 Rf8 27. Nxb7 Qxb7 28. Bxf6 Rxf6 29. Qe8+ Kh7 30. g3 Nd7 31. Qc8 Qb5 32. Qc2+ Kg8 33. Qd3 Qxd3 34. Rxd3 Nc5 35. Rxd5 Nxb3 36. Rc3 Nc5 37. Rcxc5 Bxc5 38. Rxc5 Re6 39. h4 Kf7 40. h5 Kf6 41. Kg2 Ra6 42. e4 Ra7 43. Kf3 Ke6 44. Kf4 Rf7+ 45. Ke3 Ra7 46. Rc6+ Kf7 47. Kf4 Re7 48. Kf5 Ra7 49. f4 Re7 50. e5 Ra7 51. Rd6 1-0

[Event "VIE-chB (Women)"]
[Site "Ba Dinh"]
[Date "2018.11.29"]
[Round "3"]
[White "Tran, Thi Nhu Y"]
[Black "Nguyen, Thi Phuong Thao"]
[Result "0-1"]
[WhiteElo "1887"]
[BlackElo "2103"]
[PlyCount "112"]
[EventDate "2018.11.28"]
[EventType "swiss"]
[EventRounds "9"]
[EventCountry "VIE"]
[SourceTitle "EXT 2021"]
[Source "ChessBase"]
[SourceDate "2020.10.23"]
[SourceVersion "1"]
[SourceVersionDate "2020.10.23"]
[SourceQuality "1"]

1. e4 c5 2. Nf3 d6 3. d4 cxd4 4. Nxd4 Nf6 5. Nc3 e6 6. Be2 a6 7. 0-0 Be7 8. f4 0-0 9. Bf3 Qc7 10. Be3 Nc6 11. Nxc6 bxc6 12. Qe1 e5 13. fxe5 dxe5 14. Qg3 Kh8 15. Rad1 Rb8 16. b3 Rb4 17. Rd2 Be6 18. Rfd1 h6 19. h3 Qa5 20. Qf2 Rfb8 21. g4 Kg8 22. Kh2 Rc8 23. g5 hxg5 24. Bxg5 Rd4 25. Rd3 Rcd8 26. Qf1 Qc7 27. Be3 c5 28. Na4 c4 29. R3d2 Rxd2+ 30. Bxd2 cxb3 31. cxb3 Qc2 32. Qg2 Nxe4 33. Be3 Qxg2+ 34. Kxg2 Rxd1 35. Bxd1 f5 36. Bf3 Ng5 37. Bxg5 Bxg5 38. Nc5 Kf7 39. Bh5+ Ke7 40. Nxa6 Bd5+ 41. Kf2 Kd6 42. Nb4 Be6 43. Bg6 e4 44. Nc2 Ke5 45. Bh5 Be7 46. Ne3 Bc5 47. Ke2 Bxe3 48. Kxe3 f4+ 49. Ke2 Bxh3 50. Bg6 Be6 51. Kd2 Kd4 52. Ke2 Bd5 53. a4 Bxb3 54. a5 Bc4+ 55. Kf2 Bd3 56. Kg2 Ke3 0-1

[Event "VIE-ch (Women)"]
[Site "Ho Chi Minh City"]
[Date "2018.04.30"]
[Round "6"]
[White "Nguyen, Hong Anh1111"]
[Black "Nguyen, Thi Phuong Thao"]
[Result "0-1"]
[WhiteElo "1790"]
[BlackElo "2110"]
[PlyCount "170"]
[EventDate "2018.04.27"]
[EventType "swiss"]
[EventRounds "9"]
[EventCountry "VIE"]
[SourceTitle "CBM 184 Extra"]
[Source "ChessBase"]
[SourceDate "2018.06.28"]
[SourceVersion "1"]
[SourceVersionDate "2018.06.28"]
[SourceQuality "1"]

1. d4 d5 2. Nf3 Nf6 3. c4 dxc4 4. g3 c5 5. Qa4+ Bd7 6. Qxc4 cxd4 7. Nxd4 Nc6 8. Bg2 Rc8 9. 0-0 e5 10. Nxc6 Bxc6 11. Bxc6+ Rxc6 12. Qb3 Qc8 13. Bg5 Ne4 14. Be3 Bc5 15. Bxc5 Nxc5 16. Qd5 0-0 17. Nc3 Qh3 18. Rfd1 Rh6 19. Qg2 Qh5 20. Rd5 Ne6 21. Rad1 Nf4 22. gxf4 Rg6 23. fxe5 Rxg2+ 24. Kxg2 Qg4+ 25. Kf1 h5 26. R1d3 Re8 27. Rg3 Qf4 28. e3 Qb4 29. Rb5 Qc4+ 30. Ke1 a6 31. Rxb7 Qc6 32. Rb4 Rxe5 33. h4 a5 34. Rd4 Qb6 35. Rd2 Qb7 36. Ke2 Qa6+ 37. Ke1 Qf6 38. Rd4 Qb6 39. Rd2 Qb4 40. Rh3 Qg4 41. Rh1 Qg2 42. Rf1 Qh3 43. Rd4 Qg2 44. a3 Rc5 45. Ke2 Qb7 46. Rd2 Qa6+ 47. Ke1 Rc4 48. Rg1 Rxh4 49. Nd5 Rc4 50. Kd1 Kh7 51. Nf4 Qc6 52. Ke2 g6 53. Rgd1 Rc2 54. Rxc2 Qxc2+ 55. Rd2 Qc4+ 56. Kf3 Qc6+ 57. Kg3 Qc7 58. Kf3 Kh6 59. b4 axb4 60. axb4 g5 61. Nd5 Qc1 62. Rd4 Qc6 63. Kg3 h4+ 64. Kh2 Qd6+ 65. Kg2 Qc6 66. Kh3 Qc1 67. Kg2 Qc6 68. Kh3 f6 69. b5 Qe8 70. Kh2 Qb8+ 71. Kh3 Qxb5 72. Nxf6 Qf1+ 73. Kg4 Qg2+ 74. Kf5 Qxf2+ 75. Rf4 Qc2+ 76. Re4 Qc8+ 77. Re6 Kg7 78. Ne8+ Kf8 79. Nd6 Qd7 80. Ke5 h3 81. Rf6+ Kg8 82. Nf5 Qb5+ 83. Ke4 h2 84. Rg6+ Kf7 85. Rh6 h1Q+ 0-1

[Event "VIE-ch (Women)"]
[Site "Hanoi"]
[Date "2017.04.21"]
[Round "8"]
[White "Nguyen, Thi Phuong Thao"]
[Black "Pham, Le Thao Nguyen"]
[Result "1-0"]
[WhiteElo "2077"]
[BlackElo "2341"]
[PlyCount "79"]
[EventDate "2017.04.16"]
[EventType "swiss"]
[EventRounds "11"]
[EventCountry "VIE"]
[SourceTitle "CBM 178 Extra"]
[Source "ChessBase"]
[SourceDate "2017.06.22"]
[SourceVersion "1"]
[SourceVersionDate "2017.06.22"]
[SourceQuality "1"]

1. d4 Nf6 2. c4 e6 3. Nf3 d5 4. Nc3 Bb4 5. e3 0-0 6. Qc2 b6 7. cxd5 exd5 8. Bd3 Bb7 9. 0-0 a6 10. Ne5 Bd6 11. Bd2 c5 12. f4 c4 13. Be2 b5 14. a3 Nc6 15. Bf3 Ne7 16. g4 Nd7 17. Bg2 f6 18. Nf3 Nb6 19. Be1 Qd7 20. h3 a5 21. Ne2 b4 22. axb4 axb4 23. Bg3 Ra4 24. Nd2 Rfa8 25. Rxa4 Qxa4 26. Qc1 Qb5 27. Re1 Ra2 28. e4 dxe4 29. Bxe4 Bxe4 30. Nxe4 Qc6 31. Nxd6 Qxd6 32. f5 Qd7 33. Qb1 Ra7 34. Qe4 Ned5 35. Nf4 Nxf4 36. Qxf4 Rb7 37. Qd6 Nd5 38. Qa6 c3 39. Bd6 Qc8 40. Qxb7 1-0

[Event "VIE-ch (Women)"]
[Site "Bac Giang"]
[Date "2016.06.27"]
[Round "8"]
[White "Nguyen, Truong Bao Tran"]
[Black "Nguyen, Thi Phuong Thao"]
[Result "1/2-1/2"]
[WhiteElo "1911"]
[BlackElo "2077"]
[PlyCount "131"]
[EventDate "2016.06.22"]
[EventType "swiss"]
[EventRounds "9"]
[EventCountry "VIE"]
[SourceTitle "EXT 2017"]
[Source "ChessBase"]
[SourceDate "2016.10.25"]
[SourceVersion "1"]
[SourceVersionDate "2016.10.25"]
[SourceQuality "1"]

1. d4 d5 2. c4 dxc4 3. e3 e6 4. Bxc4 a6 5. Nf3 Nf6 6. 0-0 c5 7. dxc5 Qxd1 8. Rxd1 Bxc5 9. a3 b5 10. Be2 Nbd7 11. b4 Be7 12. Bb2 Bb7 13. Nbd2 0-0 14. h3 Rac8 15. Rac1 Nb6 16. Bd4 Na4 17. Ne5 Nd5 18. Bf3 a5 19. Nd7 Rfd8 20. Nc5 Nxc5 21. Bxc5 Bf6 22. Ne4 Bb2 23. Rb1 Be5 24. Bd4 Bxd4 25. Rxd4 axb4 26. axb4 Rc4 27. Rbd1 Ra8 28. Rxc4 bxc4 29. Nd6 Bc6 30. b5 Be8 31. Nxc4 Bxb5 32. Nb6 Rb8 33. Nxd5 exd5 34. Bxd5 Be8 35. Ra1 Kf8 36. Kh2 Ke7 37. Ra7+ Kf6 38. e4 g5 39. Ra8 Rxa8 40. Bxa8 Ke5 41. Kg3 f6 42. Kf3 Kd4 43. Bb7 Bg6 44. g3 Bh5+ 45. Kg2 Bg6 46. f3 Ke3 47. Bc8 h6 48. Bd7 Bf7 49. Bf5 Bh5 50. g4 Be8 51. Kg3 Bb5 52. e5 fxe5 53. Be4 Be2 54. Bc6 Bd3 55. Bb7 Bc4 56. Bc6 Bd3 57. Bb7 Be2 58. Bc6 Bc4 59. Bb7 Kd4 60. Kf2 Bd3 61. Bc6 Bg6 62. Bd7 Bf7 63. Bc6 Bg6 64. Bd7 e4 65. fxe4 Bxe4 66. Kg3 1/2-1/2

[Event "VIE-ch (Women)"]
[Site "Bac Giang"]
[Date "2016.06.26"]
[Round "6"]
[White "Nguyen, Thi Mai Hung"]
[Black "Nguyen, Thi Phuong Thao"]
[Result "1-0"]
[WhiteElo "2278"]
[BlackElo "2077"]
[PlyCount "127"]
[EventDate "2016.06.22"]
[EventType "swiss"]
[EventRounds "9"]
[EventCountry "VIE"]
[SourceTitle "EXT 2017"]
[Source "ChessBase"]
[SourceDate "2016.10.25"]
[SourceVersion "1"]
[SourceVersionDate "2016.10.25"]
[SourceQuality "1"]

1. d4 d5 2. Nf3 Nf6 3. e3 c6 4. c4 Bf5 5. Nc3 e6 6. Nh4 Bg6 7. Be2 Bd6 8. Qb3 Qc7 9. Nxg6 hxg6 10. h3 Nbd7 11. Bd2 0-0 12. 0-0 dxc4 13. Bxc4 e5 14. Rac1 exd4 15. exd4 Qb6 16. d5 Qd4 17. Be3 Qe5 18. g3 Qf5 19. Kg2 Ne5 20. Be2 cxd5 21. Rfd1 Rfd8 22. Nxd5 Qe4+ 23. f3 Qf5 24. Nxf6+ gxf6 25. f4 Qe4+ 26. Kf2 Nc6 27. Bf3 Qe7 28. Bxc6 bxc6 29. Rxc6 Rd7 30. Re1 Bb4 31. Re2 Re8 32. Qc4 Bd2 33. Bc5 Be1+ 34. Kf1 Qxe2+ 35. Qxe2 Rxe2 36. Kxe2 Bxg3 37. Rxf6 Kg7 38. Ra6 Bxf4 39. Rxa7 Rd2+ 40. Kf3 g5 41. b4 Rd3+ 42. Ke4 Rxh3 43. b5 Rh1 44. b6 Rb1 45. a4 Kg6 46. a5 Rb5 47. Bd4 f5+ 48. Kd3 g4 49. a6 Kh6 50. Ra8 Rd5 51. Kc4 Ra5 52. a7 Ra4+ 53. Kb3 Rxd4 54. Rh8+ Kg5 55. a8Q Be5 56. Rg8+ Kf4 57. b7 Rd3+ 58. Kb4 Re3 59. Re8 Bd6+ 60. Kc4 Rxe8 61. Qxe8 g3 62. Kd5 Bc7 63. Qc8 Be5 64. Qc1+ 1-0